000 00587nam a22001817a 4500
005 20251108165929.0
008 250721s1993 xx 000 0 ara d
082 1 4 _aط/155.455/علي
100 1 _aسليمان، علي
245 1 0 _aطفلك الموهوب :
_bإكتشافه - رعايته - توجيهه /
264 1 _aبيروت :
_bشركة سفير للطباعة و النشر،
_c1993.
300 _a72ص
490 0 _aأطفالنا : سلسلة سفير التربوية ؛ 7
650 1 7 _aالطفل
650 1 7 _aالأطفال
942 _2ddc
_cBK
999 _c35140
_d35140